Statistics for Musical Note Values Quiz

Click here to take the quiz!

General Stats

  • This quiz has been taken 52 times
  • The average score is 5 of 8

Answer Stats

BeatsNote% Correct
1/4Semiquaver
80%
2Minim
77%
1/2Quaver
77%
1Crotchet
70%
4Semibreve
70%
8Breve
52%
1/8Demisemiquaver
52%
1/16Hemidemisemiquaver
34%

Score Distribution

Percentile by Number Answered

Percent of People with Each Score

Your Score History

You have not taken this quiz